Statistics for Winners of the Six Nations Championship. (2000-...)

Click here to take the quiz!

General Stats

  • This quiz has been taken 267 times
    (20 since last reset)
  • The average score is 24 of 25

Answer Stats

YearWinner% Correct
2009 Ireland (TC)
100%
2008 Wales (TC)
100%
2005 Wales (TC)
100%
2002 France
100%
2004 France
100%
2006 France
100%
2007 France
100%
2010 France
100%
2000 England
100%
2001 England
100%
2003 England (TC)
100%
2014 Ireland
95%
2024 Ireland
95%
2023 Ireland (TC)
95%
2013 Wales
95%
2012 Wales (TC)
95%
2022 France
95%
2011 England
95%
2015 Ireland
89%
2018 Ireland (TC)
89%
2019 Wales (TC)
89%
2017 England
89%
2016 England (TC)
89%
2020 England (TC)
89%
2021 Wales (TC)
84%

Score Distribution

Percentile by Number Answered

Percent of People with Each Score

Your Score History

You have not taken this quiz since the last reset